Liste des fruits du démon - One Piece - Statistiques

Statistiques générales
  • Ce quiz a été pris 240 fois
    207 depuis la dernière actualisation
  • Le résultat moyen est 63 sur 233
Statistiques - réponses
Paramécia % Correct
Fruit non canon au manga (Paramecia) Fruit de l'Or - Gol Gol no Mi
76%
Zoan (mythique) Fruit de l'Humain, version Nika - Hito Hito no Mi
75%
Paramecia Fruit du Fil - Ito Ito no Mi
73%
Zoan (normal) Fruit de l'Humain - Hito Hito no Mi
71%
Logia Pyro-Fruit - Mera Mera no Mi
69%
Zoan (mythique) Fruit de l'Humain, version Bouddha - Hito Hito no Mi
66%
Logia Fruit des Ténèbres - Yami Yami no M
65%
Logia Fruit du Magma - Magu Magu no Mi
64%
Paramecia Fruit de la Fragmentation - Bara Bara no Mi
63%
Logia Fruit des Sables - Suna Suna no Mi
61%
Paramecia Fruit du Tremblement - Gura Gura no Mi
61%
Paramecia Fruit des Éclosions - Hana Hana no Mi
59%
Zoan (normal) Fruit du Cheval - Uma Uma no Mi
59%
Zoan (mythique) Fruit du Cheval, version Pégase - Uma Uma no Mi
58%
Paramecia Fruit du Bistouri - Ope Ope no Mi
57%
Zoan (normal) Fruit du Canidé, version Loup - Inu Inu no Mi
57%
Paramecia Fruit du Ciboulot - Nomi Nomi no Mi
57%
Logia Fruit du Givre - Hie Hie no Mi
57%
Zoan (mythique) Fruit de l'Humain, version Onyudo - Hito Hito no Mi
55%
Fruit non canon au manga (Paramecia) Fruit du Camouflage - Iro Iro no Mi
54%
Zoan (mythique) Fruit du Volatile, version Phénix - Tori Tori no Mi
54%
Paramecia Fruit de l'âge - Toshi Toshi no Mi
53%
Paramecia Fruit du Son - Oto Oto no Mi
53%
Paramecia Fruit du Tonne-Tonne - Ton Ton no Mi
53%
Paramecia Fruit de l'Ombre - Kage Kage no Mi
52%
Paramecia Fruit du Kilo-Kilo - Kilo Kilo no Mi
52%
Paramecia Fruit du Riz Gluant - Mochi Mochi no Mi
51%
Logia Fruit Luminescent - Pika Pika no Mi
51%
Fruit non canon au manga (Logia) Fruit du Bonbon - Ame Ame no Mi
50%
Zoan (normal) Fruit du Félin, version Léopard - Neko Neko no Mi
50%
Zoan (mythique) Fruit du Poisson, version Dragon azur - Uo Uo no Mi
49%
Zoan (normal) Fruit du Bovin, version Girafe - Ushi Ushi no Mi
48%
Paramecia Fruit de la Résurrection - Yomi Yomi no Mi
47%
Paramecia Fruit Boum-Boum - Bomu Bomu no Mi
46%
Paramecia Fruit de l'Invisibilité - Suke Suke no Mi
46%
Fruit artificiel (Paramecia) Duplicata du fruit de la Passion - Mero Mero no Mi
45%
Paramecia Fruit de la Passion - Mero Mero no Mi
45%
Logia Fruit du Gaz - Gasu Gasu no Mi
45%
Zoan (antique) Fruit du Pachyderme, version Mammouth - Zo Zo no Mi
45%
Logia Fruit Fumigène - Moku Moku no Mi
45%
Logia Fulguro-Fruit - Goro Goro no Mi
45%
Paramecia Fruit de l'Art - Ato Ato no Mi
44%
Fruit non canon au manga (Paramecia) Fruit du Filet - Ami Ami no Mi
44%
Paramecia Ciro-Fruit - Doru Doru no Mi
43%
Zoan (antique) Fruit du Dinosaure, version Ptéranodon - Ryu Ryu no MI
43%
Fruit artificiel (Paramecia) Duplicata du fruit des Coussinets - Nikyu Nikyu no Mi
42%
Paramecia Fruit des Coussinets - Nikyu Nikyu no Mi
42%
Zoan (mythique) Fruit du Canidé, version Renard à neuf queues - Inu Inu no Mi
42%
Paramecia Fruit du Poison - Doku Doku no Mi
42%
Paramecia Fruit Glisse-Glisse - Sube Sube no Mi
42%
Paramecia Travesti-Fruit - Mane Mane no Mi
42%
Zoan (normal) Fruit du Canidé, version Chacal - Inu Inu no Mi
41%
Zoan (mythique) Fruit du Canidé, version Loup divin - Inu Inu no Mi
41%
Zoan (antique) Fruit du Dinosaure, version Allosaurus - Ryu Ryu no Mi
41%
Paramecia Fruit de la Gravité - Zushi Zushi no Mi
40%
Zoan (normal) Fruit du Bovin, version Bison - Ushi Ushi no Mi
40%
Zoan (normal) Fruit du Canidé, version Basset - Inu Inu no Mi
39%
Paramecia Fruit du Séquestre - Ori Ori no Mi
39%
Zoan (normal) Fruit du Volatile, version Faucon - Tori Tori no Mi
39%
Fruit artificiel (Paramecia) Duplicata du fruit Tailladant - Supa Supa no Mi
38%
Paramecia Fruit de la Barrière - Bari Bari no Mi
38%
Paramecia Fruit de l'Ectoplasme - Horo Horo no Mi
38%
Paramecia Fruit des Bulles - Awa Awa no Mi
38%
Zoan (antique) Fruit du Dinosaure, version Brachiosaure - Ryu Ryu no Mi
38%
Zoan (antique) Fruit du Dinosaure, version Spinosaurus - Ryu Ryu no Mi
38%
Zoan (normal) Fruit du Pachyderme - Zo Zo no Mi
38%
Paramecia Fruit Tailladant - Supa Supa no Mi
38%
Paramecia Fruit de l'Île - Shima Shima no Mi
37%
Logia Fruit du Marais - Numa Numa no Mi
37%
Fruit artificiel (SMILE) SMILE de la girafe
37%
Fruit artificiel (Paramecia) Duplicata du fruit du Barbotage - Sui Sui no Mi
36%
Paramecia Fruit de la Rouille - Sabi Sabi no Mi
36%
Paramecia Fruit de l'Oursin - Toge Toge no Mi
36%
Paramecia Fruit du Barbotage - Sui Sui no Mi
36%
Zoan (normal) Fruit du Canidé, version Tanuki - Inu Inu no Mi
36%
Zoan (antique) Fruit du Dinosaure, version Tricératops - Ryu Ryu no Mi
36%
Zoan (antique) Fruit du Félin, version Tigre à dents de sabre - Neko Neko no Mi
36%
Paramecia Magnéto-Fruit - Jiki Jiki no Mi
36%
Paramecia Fruit des Hormones - Horu Horu no Mi
35%
Fruit non canon au manga (Zoan mythique) Fruit du Canidé, version Raton Laveur - Inu Inu no Mi
35%
Zoan (antique) Fruit du Dinosaure, version Pachycephalosaurus - Ryu Ryu no Mi
35%
Paramecia Fruit des Âmes - Soru Soru no Mi
34%
Zoan (antique) Fruit de l'Araignée, version Rosamygale grauvogeli - Kumo Kumo no Mi
33%
Fruit non canon au manga (Zoan normal) Fruit du Bovin, version Lama - Ushi Ushi no Mi
33%
Logia Fruit du Flocon - Yuki Yuki no Mi
33%
Fruit non canon au manga (Zoan normal) Fruit du Volatile, version Aigle - Tori Tori no Mi
33%
Zoan (normal) Fruit Fouisseur - Mogu Mogu no Mi
32%
Paramecia Fruit des Souvenirs - Memo Memo no Mi
31%
Paramecia Fruit du Miroir - Mira Mira no Mi
31%
Paramecia Fruit du Ressort - Bane Bane no Mi
31%
Zoan (normal) Fruit du Volatile, version Albatros - Tori Tori no Mi
31%
Paramecia Fruit de la Force - Riki Riki no Mi
30%
Paramecia Fruit de la Paille - Wara Wara no Mi
30%
Paramecia Fruit du Portier - Doa Doa no Mi
30%
Zoan (normal) Fruit du Reptile, version Anaconda - Hebi Hebi no Mi
30%
Paramecia Fruit Étincelant - Kira Kira no Mi
30%
Paramecia Fruit des Baies - Beri Beri no Mi
29%
Paramecia Fruit du Château - Shiro Shiro no Mi
29%
Paramecia Fruit du Temps - Toki Toki no Mi
29%
Fruit artificiel (SMILE) SMILE de l'éléphant
29%
Zoan (normal) Fruit du Reptile, version Cobra Royal - Hebi Hebi no Mi
28%
Fruit non canon au manga (Zoan mythique) Fruit du Volatile, version Nue - Tori Tori no Mi
28%
Fruit non nommée (donnée le nom de l'utilisateur) (Zoan) Fruit mangé par Minotaure (taureau)
28%
Logia Sylvo-Fruit - Mori Mori no Mi
28%
Paramecia Armo-fruit - Buki Buki no Mi
27%
Paramecia Fruit de la Téléportation - Wapu Wapu no Mi
27%
Paramecia Fruit des Ciseaux - Choki Choki no Mi
27%
Paramecia Fruit du Biscuit - Bisu Bisu no Mi
27%
Paramecia Fruit du Livre - Buku Buku no Mi
27%
Fruit non nommée (donnée le nom de l'utilisateur) (Zoan) Fruit mangé par Onigumo (araignée)
27%
Paramecia Fruit Ramollo - Noro Noro no Mi
27%
Fruit artificiel (SMILE) SMILE du cheval
27%
Fruit artificiel (SMILE) SMILE du serpent
27%
Paramecia Fruit de la Poche - Poke Poke no Mi
26%
Zoan (normal) Fruit de la Tortue - Kame Kame no Mi
26%
Paramecia Fruit du Regard - Giro Giro no Mi
26%
Paramecia Fruit de la Couture - Nui Nui no Mi
25%
Paramecia Fruit de la Lessive - Woshu Woshu no Mi
25%
Fruit non canon au manga (Paramecia) Fruit de la Musique - Uta Uta no Mi
25%
Paramecia Fruit des Roues - Shari Shari no Mi
25%
Paramecia Fruit du Pousse-Pousse - Oshi Oshi no Mi
25%
Zoan (mythique) Fruit du Reptile, version Dragon à huit têtes - Hebi Hebi no Mi
25%
Paramecia Fruit du Vêtement - Fuku Fuku no Mi
25%
Fruit non nommée (donnée le nom de l'utilisateur) (Zoan) Fruit mangé par Minozèbre (zèbre)
25%
Zoan (normal) Fruit de l’Œuf - Tama Tama no Mi
24%
Paramecia Fruit de la Maladie - Shiku Shiku no Mi
23%
Fruit non nommée (donnée le nom de l'utilisateur) (Zoan) Fruit mangé par Minokoala (koala)
23%
Fruit artificiel (SMILE) SMILE du lion
23%
Paramecia Fruit de la Chaleur - Netsu Netsu no Mi
22%
Paramecia Fruit de la Léchouille - Pero Pero no Mi
22%
Paramecia Fruit du Joujou - Hobi Hobi no Mi
22%
Paramecia Fruit du Poisse-Poisse - Beta Beta no mi
22%
Paramecia Fruit de la Caillasse - Ishi Ishi no Mi
21%
Logia Fruit de la Suie - Susu Susu no Mi
21%
Fruit non nommée (donnée le nom de l'utilisateur) (Zoan) Fruit mangé par Minocéros (rhinocéros)
21%
Fruit artificiel (SMILE) SMILE de la souris
21%
Paramecia Fruit de la Crème - Kuri Kuri no Mi
20%
Zoan (normal) Fruit de l'Insecte, version Guêpe - Mushi Mushi no Mi
20%
Paramecia Fruit du Beurre - Bata Bata no Mi
20%
Paramecia Fruit du Gigantisme - Deka Deka no Mi
20%
Paramecia Fruit du Tournis - Guru Guru no Mi
20%
Paramecia Fruit de la Guérison - Chiyu Chiyu no Mi
19%
Zoan (normal) Fruit de la Salamandre, version Axolotl - Sara Sara no Mi
19%
Paramecia Fruit du Dans-le-mille - Mato Mato no Mi
19%
Paramecia Fruit du Paf-Paf - Pamu Pamu no Mi
19%
Fruit non nommée (donnée le nom de l'utilisateur) (Zoan) Fruit mangé par Minochihuahua (chihuahua)
19%
Fruit artificiel (SMILE) SMILE de la chauve-souris
19%
Paramecia Fruit Flottant - Fuwa Fuwa no Mi
18%
Zoan (normal) Fruit de l'Insecte, version Scarabée-Rhinocéros - Mushi Mushi no Mi
17%
Paramecia Fruit du Presse-Presse - Shibo Shibo no Mi
17%
Paramecia Fruit du Vole-au-Vent - Hira Hira no Mi
17%
Fruit artificiel (SMILE) SMILE du singe
17%
Paramecia Fruit de la Pelisse - Jake Jake no Mi
16%
Paramecia Fruit du Parchemin - Maki Maki no Mi
16%
Fruit non canon au manga (Paramecia) Fruit du Tir - Ute Ute no Mi
16%
Fruit non canon au manga (Paramecia) Fruit de la Chaleur - Atsu Atsu no Mi
15%
Paramecia Fruit de la Lampe - Hoya Hoya no Mi
15%
Fruit non canon au manga (Zoan mythique) Fruit de la Chauve-Souris, version Vampire - Batto Batto no Mi
14%
Paramecia Fruit du Pinceau - Fude Fude no Mi
14%
Fruit artificiel (SMILE) SMILE de la gazelle
14%
Fruit artificiel (SMILE) SMILE du gorille
14%
Fruit artificiel (SMILE) SMILE du mouton
14%
Fruit artificiel (SMILE) SMILE du scorpion
14%
Paramecia Fruit de la Sourdine - Nagi Nagi no Mi
13%
Paramecia Fruit du Cuistot - Kuku Kuku no Mi
13%
Paramecia Fruit du Glouglou - Gabu Gabu no Mi
13%
Fruit non nommée (donnée le nom de l'utilisateur) (Zoan) Fruit mangé par Dalmatien (dalmatien)
13%
Fruit artificiel (SMILE) SMILE de l'alpaga
13%
Fruit artificiel (SMILE) SMILE de l'hippopotame
13%
Fruit non canon au manga (Paramecia) Fruit de l'Amour - Hore Hore no Mi
12%
Paramecia Fruit de l'Exaltation - Kobu Kobu no Mi
12%
Paramecia Fruit du Millet - Kibi Kibi no Mi
12%
Fruit non nommée (donnée le nom de l'utilisateur) (Zoan) Fruit mangé par Epoida (chenille)
12%
Fruit artificiel (SMILE) SMILE du coq
11%
Paramecia Fruit de la Mixité - Gocha Gocha no Mi
10%
Fruit non canon au manga (Paramecia) Fruit des Choses - Mono Mono no Mi
10%
Paramecia Fruit du Fouet - Muchi Muchi no Mi
10%
Fruit non nommée (donnée le nom de l'utilisateur) (Zoan) Fruit mangé par Imu
10%
Fruit non nommée (donnée le nom de l'utilisateur) (Paramecia) Fruit mangé par Urouge
10%
Fruit non canon au manga (Paramecia) Fruit Slash Slash - Kama Kama no Mi
10%
Fruit non canon au manga (Paramecia) Fruit de la Chance - Raki Raki no Mi
9%
Fruit non canon au manga (Logia) Fruit de la Dissolution - Toro Toro no Mi
9%
Fruit artificiel (SMILE) SMILE du crotale
9%
Fruit artificiel (SMILE) SMILE du tatou
9%
Fruit non canon au manga (Paramecia) Fruit de la Bombe - Basu Basu no Mi
8%
Logia Fruit de la Bouillasse - Gunyo Gunyo no Mi
8%
Fruit non canon au manga (Paramecia) Fruit de la Ferraille - Gasha Gasha no Mi
8%
Paramecia Fruit de la Maturation - Juku Juku no Mi
8%
Fruit non canon au manga (Paramecia) Fruit du Brûleur - Bana Bana no Mi
8%
Fruit non canon au manga (Logia) Fruit du Papier - Pasa Pasa no Mi
8%
Fruit non nommée (donnée le nom de l'utilisateur) (Zoan) Fruit mangé par Jaygarcia Saturn
8%
Fruit artificiel (SMILE) SMILE de l'autruche
8%
Fruit artificiel (SMILE) SMILE du lapin
8%
Fruit non canon au manga (Paramecia) Fruit de la Dissolution - Dero Dero no Mi
7%
Fruit non canon au manga (Paramecia) Fruit de la Vocalise - Goe Goe no Mi
7%
Fruit non canon au manga (Paramecia) Fruit du Chamquipue - Noko Noko no Mi
7%
Fruit non canon au manga (Paramecia) Fruit du Nain - Mini Mini no Mi
7%
Fruit non nommée (donnée le nom de l'utilisateur) (Zoan) Fruit mangé par Marcus Mars
7%
Fruit artificiel (SMILE) SMILE du caîman
7%
Fruit artificiel (SMILE) SMILE du serpent blanc
7%
Fruit non canon au manga (Paramecia) Fruit de la Magie - Maji Maji no Mi
6%
Fruit non canon au manga (Paramecia) Fruit du Dresseur - Peto Peto no Mi
6%
Fruit non canon au manga (Paramecia) Fruit du Sommeil - Nemu Nemu no Mi
6%
Fruit non nommée (donnée le nom de l'utilisateur) (Zoan) Fruit mangé par Ethanbaro V. Nusjuro
6%
Fruit non nommée (donnée le nom de l'utilisateur) (Zoan) Fruit mangé par Shepherd Ju Peter
6%
Fruit non nommée (donnée le nom de l'utilisateur) (Zoan) Fruit mangé par Topman Warcury
6%
Fruit non canon au manga (Paramecia) Fruit Touffu-Touffu - Mosa Mosa no Mi
6%
Fruit artificiel (SMILE) SMILE de l'écureuil volant
6%
Fruit artificiel (SMILE) SMILE du carlin
6%
Fruit non canon au manga (Paramecia) Fruit de la Copie - Kopi Kopi no Mi
5%
Fruits mentionnés dans le courrier des lecteurs (Paramecia) Fruit de la Démangeaison, version Entrejambe - Muzu Muzu no Mi
5%
Fruit non canon au manga (Paramecia) Fruit du Jeune-Jeune - Modo Modo no Mi
5%
Fruit non canon au manga (Paramecia) Fruit du Passe-Muraille - Nuke Nuke no Mi
5%
Fruit non canon au manga (Paramecia) Fruit du Plus-Plus - Moa Moa no Mi
5%
Fruit non canon au manga (Paramecia) Fruit Incassable - Kachi Kachi no Mi
5%
Fruit non canon au manga (Paramecia) Nitro-Fruit - Nito Nito no Mi
5%
Fruits mentionnés dans le courrier des lecteurs (Paramecia) Fruit de la Blague Foireuse - Samu Samu no Mi
4%
Fruit non canon au manga (Paramecia) Fruit des Chaines - Jara Jara no Mi
4%
Fruit non canon au manga (Paramecia) Fruit du Cube - Kyubu Kyubu no Mi
4%
Fruit non canon au manga (Paramecia) Fruit du Murmure - Hiso Hiso no Mi
4%
Fruits mentionnés dans le courrier des lecteurs (Paramecia) Fruit du Prout-Prout - Poo Poo no Mi
4%
Fruits mentionnés dans le courrier des lecteurs (Paramecia) Fruit de la Gerbe - Gero Gero no Mi
3%
Fruit non canon au manga (Paramecia) Fruit de la Nécromancie - Nibi Nibi no Mi
3%
Fruit non canon au manga (Paramecia) Fruit des Gantelets - Kote Kote no Mi
3%
Fruit non canon au manga (Paramecia) Fruit des Vagues de Chaleur - Nepa Nepa no Mi
3%
Fruit non canon au manga (Paramecia) Fruit du Fourneau - Gutsu Gutsu no Mi
3%
Fruit non canon au manga (Paramecia) Fruit du Lien - Kone Kone no Mi
3%
Fruit non canon au manga (Paramecia) Fruit du Livreur - Deri Deri no Mi
3%
Fruit non canon au manga (Paramecia) Fruit du Potelé - Pocha Pocha no Mi
3%
Fruit non canon au manga (Paramecia) Fruit du Tchou-Tchou - Koro Koro no Mi
3%
Fruit non canon au manga (Paramecia) Fruit de la Vision - Bijo Bijo no Mi
2%
Fruit artificiel (SMILE) SMILE de l'hétérodon
2%
Fruit non canon au manga (Paramecia) Fruit du Réglage - Chuni Chuni no Mi
1%
Aucun quiz correspondant
Distribution des résultats
% des personnes avec chaque résultat
Percentile par nombre de réponses
Votre historique - résultats
Vous n’avez pas pris ce quiz depuis la dernière actualisation